000 00911nab a2200253uu 4500
001 14186
003 HDC
007 cr aa aaaau
008 210214p2006 my ||||| |||| 00| 0 eng d
040 _aHDC
100 _aWassell Paul
_eauthor
_914786
245 0 _aInvestigation into the Performance of Emulsified Liquid Shortenings Containing Palm-Based Hard Stocks / by
_cPaul Wassell
260 _aKuala Lumpur :
_bMalaysian Palm Oil Board,
_c2006
300 _a1 online resource ( 6 pages )
336 _atext
_2rdacontent
337 _acomputer
_2rdamedia
338 _aonline resource
_2rdacarrier
650 _aLiquid Shortenings
_914787
650 _aPalm-Based
_914788
856 _zRequest full-text at [email protected]
942 _2lcc
942 _cAR
942 _kJART 003383
999 _c11502
_d11502